02534nam a22002177a 4500008004100000020001800041040005700059060001000116245007300126260005400199300003500253504005300288505183800341650002002179650002002199650001602219650002102235650002602256700002602282041000802308130227s2012 enkd frn 001 0 eng  a9781845939564 aCO-BoUCMcAngélica RojasbspadAldemar Mondragón aQT 3400aMicrobial biotechnologybenergy and environmentceditor Rajesh Arora aWallingford, OxfordshirebCAB Internationalc2012 axiv, 396 páginascgráficas aIncluye referencias bibliográficas e índices0 aEmerging trends in microbial biotechnology : energy and environment / Rajesh Arora -- The microbiology of microbial electric systems / Sarah A. Hensley, Madeline Vargas, and Ashley E. Franks -- A comparative assessment of bioelectrochemical systems (BESs) and enzymatic fuel cells (EFCs) / Deepak Pant ... [et al.] -- Electrical energy from microorganisms / Sheela Berchmans -- Rumen microbial fuel cells / Chin-Tsan Wang, Che-Ming J. Yang, Yung-Chin Yang -- Systems microbiology approach to bioenergy / Qasim K. Beg and Ritu Sarin -- Alternative energy with an emphasis on integration of nanotechnology / Mrunalini V. Pattarkine -- Host engineering for biofuel tolerant phenotypes / Becky J. Rutherford and Aindrila Mukhopadhyay -- Microbial fuel cells : electricity generation from organic wastes by microbes / Kun Guo, Daniel J. Hassett and Tingyue Gu -- Integration of anaerobic digestion and oil accumulation-bioenergy production and pollutants removal / Mi Yan, Jianguo Zhang, Bo Hu -- Biohydrogen generation through solid phase anaerobic digestion from organic solid waste / S. Jayalakshmi -- Algae- a novel biomass feedstock for biofuels / Senthil Chinnasamy ... [et al.] -- Biofuel from microalgae : myth vs. reality / Jubilee Purkayastha, Hemanta Kumar Gogoi, and Lokendra Singh -- Biodegradation of petroleum hydrocarbons in contaminated soils / Aniefiok E. Ite and Kirk T. Semple -- Bioremediation of polycyclic aromatic hydrocarbons (PAHs) / Carl Johnston and G. Patricia Johnston -- The role of biological control in the creation of bioremediation technologies / Yana Topalova -- Bioremediation of high level, transuranic waste and fission products / Evans Chirwa -- Bioremediation of uranium / Mrunalini V. Pattarkine -- Going extreme for small solutions to big environmental challenges / Christopher (Kitt) E. Bagwell aMicrobiología 4aBiocombustibles 4aBiofísica 7aBiodegradación 7aEnergía biomásica1 aArora, Rajesheeditor aeng